[Event "March 2008 One-Zero Grand II"]
[Date "2008.03.08"]
[EndDate "2008.03.16"]
[Round "1"]
[White "tomasino"]
[Black "princebaz"]
[WhiteRating "1785"]
[BlackRating "1567"]
[WhiteElo "1785"]
[BlackElo "1567"]
[Result "0-1"]
[GameId "4708717"]

1. e4 e5 2. Ng1f3 Nb8c6 3. Bf1c4 Bf8c5 4. b4 Bc5xb4 5. c3 Bb4c5 6. O-O Ng8f6 7. d4 exd4 8. cxd4 Bc5b6 9. Bc1g5 h6 10. Bg5h4 O-O 11. d5 Nc6b4 12. Nf3e5 d6 13. Ne5d3 Bb6d4 14. Nd3f4 Bd4xa1 15. Nf4h5 Rf8e8 16. f3 g5 17. Nh5xf6 Ba1xf6 0-1

[Event "March 2008 One-Zero Grand II"]
[Date "2008.03.08"]
[EndDate "2008.03.16"]
[Round "1"]
[White "tomasino"]
[Black "polo2000"]
[WhiteRating "1785"]
[BlackRating "1555"]
[WhiteElo "1785"]
[BlackElo "1555"]
[Result "0-1"]
[GameId "4708715"]

1. e4 e5 2. f4 d5 3. d4 dxe4 4. fxe5 c5 5. Nb1c3 cxd4 6. Nc3xe4 Bf8b4 7. c3 dxc3 8. Qd1xd8 Ke8xd8 9. bxc3 Bb4e7 10. Bf1c4 Bc8e6 11. Bc4xe6 fxe6 12. Bc1g5 Be7xg5 13. Ne4xg5 Kd8e7 14. Ng1f3 Ng8h6 15. O-O Nb8c6 16. Ra1d1 Ra8d8 17. Rd1xd8 Nc6xd8 18. c4 Nh6g4 19. Nf3d4 Ng4xe5 20. c5 h6 21. Ng5e4 Nd8c6 0-1

[Event "March 2008 One-Zero Grand II"]
[Date "2008.03.08"]
[EndDate "2008.03.17"]
[Round "1"]
[White "tomasino"]
[Black "Chemsearch"]
[WhiteRating "1785"]
[BlackRating "1112"]
[WhiteElo "1785"]
[BlackElo "1112"]
[Result "0-1"]
[GameId "4708714"]

1. e4 e5 2. Ng1f3 d6 3. d4 Nb8c6 4. dxe5 g6 5. Bc1g5 Bf8e7 6. exd6 cxd6 7. Bf1c4 Qd8b6 8. O-O Qb6xb2 9. Nb1d2 f6 0-1

[Event "March 2008 One-Zero Grand II"]
[Date "2008.03.08"]
[EndDate "2008.03.17"]
[Round "1"]
[White "tomasino"]
[Black "sameeh"]
[WhiteRating "1785"]
[BlackRating "1581"]
[WhiteElo "1785"]
[BlackElo "1581"]
[Result "0-1"]
[GameId "4708712"]

1. e4 c5 2. d4 cxd4 3. Qd1xd4 Nb8c6 4. Qd4a4 Ng8f6 5. Ng1f3 e6 6. Bf1b5 a6 7. Bb5xc6 bxc6 8. O-O Bf8c5 9. Bc1e3 Bc5xe3 10. fxe3 O-O 11. e5 Nf6d5 12. Qa4g4 Nd5xe3 13. Qg4g5 Qd8xg5 14. Nf3xg5 Ne3xc2 15. Nb1d2 Nc2xa1 16. Rf1xa1 f6 17. exf6 Rf8xf6 18. h4 Bc8b7 19. Nd2e4 Rf6f4 0-1

[Event "March 2008 One-Zero Grand II"]
[Date "2008.03.08"]
[EndDate "2008.03.16"]
[Round "1"]
[White "tomasino"]
[Black "carjam"]
[WhiteRating "1785"]
[BlackRating "1479"]
[WhiteElo "1785"]
[BlackElo "1479"]
[Result "0-1"]
[GameId "4708711"]

1. e4 c5 2. d4 cxd4 3. Qd1xd4 Nb8c6 4. Qd4a4 e5 5. Ng1f3 h6 6. Bf1c4 Ng8f6 7. O-O a6 8. b4 b5 9. Bc4xb5 Bc8b7 10. Rf1d1 axb5 11. Qa4xb5 Qd8c7 12. Qb5c4 Bf8xb4 13. Bc1a3 Bb4xa3 14. Nb1xa3 Ra8xa3 15. Nf3xe5 Qc7xe5 16. Ra1b1 Ra3a7 17. f3 O-O 0-1

[Event "March 2008 One-Zero Grand II"]
[Date "2008.03.08"]
[EndDate "2008.03.30"]
[Round "1"]
[White "tomasino"]
[Black "kingz2000"]
[WhiteRating "1785"]
[BlackRating "1420"]
[WhiteElo "1785"]
[BlackElo "1420"]
[Result "0-1"]
[GameId "4708709"]

1. e4 c5 2. Nb1c3 Nb8c6 3. Ng1f3 d6 4. Nc3d5 e6 5. Nd5c3 Bf8e7 6. d4 cxd4 7. Nf3xd4 Ng8f6 8. Nd4xc6 bxc6 9. b3 O-O 10. Bc1b2 Qd8a5 11. a4 Nf6xe4 12. Bf1d3 Ne4xc3 13. Bb2xc3 Qa5g5 14. O-O e5 15. Qd1f3 d5 16. Bc3xe5 Qg5xe5 17. Ra1e1 Qe5f6 18. Qf3g3 Be7d6 19. Qg3e3 Qf6f4 20. Qe3xf4 Bd6xf4 21. Re1e2 Bc8e6 22. g3 Bf4d6 23. c4 dxc4 24. Bd3xc4 Be6h3 25. Rf1e1 Bd6b4 26. Re1c1 Rf8e8 27. Re2xe8 Ra8xe8 28. Bc4a6 Re8e1 29. Rc1xe1 Bb4xe1 30. Ba6c4 g6 31. a5 Be1xa5 32. g4 Bh3xg4 33. Kg1g2 Kg8g7 34. Kg2g3 Bg4d7 35. f4 f5 36. h4 Ba5e1 37. Kg3f3 Be1xh4 38. b4 h6 0-1

[Event "March 2008 One-Zero Grand II"]
[Date "2008.03.08"]
[EndDate "2008.03.17"]
[Round "1"]
[White "tomasino"]
[Black "incredibles1971"]
[WhiteRating "1785"]
[BlackRating "1456"]
[WhiteElo "1785"]
[BlackElo "1456"]
[Result "0-1"]
[GameId "4708708"]

1. e4 e5 2. Ng1f3 d6 3. Bf1c4 Ng8f6 4. O-O Nf6xe4 5. Nb1c3 Ne4xc3 6. bxc3 Bf8e7 7. d4 e4 8. Nf3e1 O-O 9. f3 exf3 10. Ne1xf3 d5 0-1

[Event "March 2008 One-Zero Grand II"]
[Date "2008.03.08"]
[EndDate "2008.03.16"]
[Round "1"]
[White "tomasino"]
[Black "QR"]
[WhiteRating "1785"]
[BlackRating "1459"]
[WhiteElo "1785"]
[BlackElo "1459"]
[Result "0-1"]
[GameId "4708707"]

1. e4 c5 2. Ng1f3 d6 3. Bf1c4 Ng8f6 4. d4 cxd4 5. Nf3xd4 Nb8c6 6. O-O Bc8g4 7. Qd1e1 Nc6xd4 8. Qe1d2 b5 9. Qd2xd4 bxc4 10. e5 dxe5 11. Qd4xe5 g6 12. Qe5b5 Qd8d7 13. Qb5xd7 Bg4xd7 14. Nb1c3 Bf8g7 15. Bc1f4 O-O 16. Ra1e1 Rf8e8 0-1

[Event "March 2008 One-Zero Grand II"]
[Date "2008.03.08"]
[EndDate "2008.03.16"]
[Round "1"]
[White "tomasino"]
[Black "Outpost"]
[WhiteRating "1785"]
[BlackRating "1471"]
[WhiteElo "1785"]
[BlackElo "1471"]
[Result "0-1"]
[GameId "4708706"]

1. e4 c5 2. d4 cxd4 3. Qd1xd4 Nb8c6 4. Qd4a4 e5 5. Ng1f3 Ng8f6 6. Bf1c4 d5 7. exd5 Nf6xd5 8. O-O Nd5b6 9. Qa4b3 Nb6xc4 10. Qb3xc4 Bc8e6 11. Qc4e4 Bf8d6 12. Nb1c3 O-O 13. Bc1g5 f6 14. Bg5h4 g5 15. Bh4xg5 fxg5 0-1

[Event "March 2008 One-Zero Grand II"]
[Date "2008.03.08"]
[EndDate "2008.03.16"]
[Round "1"]
[White "tomasino"]
[Black "joe o"]
[WhiteRating "1785"]
[BlackRating "1211"]
[WhiteElo "1785"]
[BlackElo "1211"]
[Result "0-1"]
[GameId "4708705"]

1. e4 e5 2. Ng1f3 Nb8c6 3. Bf1c4 h6 4. d4 exd4 5. Nf3xd4 Nc6xd4 6. Qd1xd4 d6 7. O-O Ng8f6 8. e5 dxe5 9. Qd4xe5 Bf8e7 10. g4 Bc8xg4 11. Rf1e1 O-O 12. Bc1xh6 gxh6 13. Qe5f4 Kg8h7 14. Bc4d3 Kh7g8 15. Qf4xh6 Qd8d5 0-1

[Event "March 2008 One-Zero Grand II"]
[Date "2008.03.08"]
[EndDate "2008.03.27"]
[Round "1"]
[White "Bandecko"]
[Black "tomasino"]
[WhiteRating "1129"]
[BlackRating "1785"]
[WhiteElo "1129"]
[BlackElo "1785"]
[Result "1-0"]
[GameId "4708700"]

1. e4 e6 2. d4 d5 3. e5 Nb8c6 4. Bf1b5 Bc8d7 5. Ng1h3 Nc6xd4 6. Bc1g5 f6 7. Qd1xd4 Bf8e7 8. Nb1c3 fxg5 9. Bb5xd7 Qd8xd7 10. O-O h5 11. Ra1d1 g4 12. Nh3f4 Rh8h6 13. a4 Be7g5 14. Nc3b5 h4 15. Nf4xe6 Ra8c8 16. Ne6xg5 h3 17. Qd4xa7 hxg2 18. Rf1e1 c6 19. Nb5d4 Ke8e7 20. Qa7c5 Ke7e8 21. e6 Qd7e7 22. Qc5xe7 Ng8xe7 23. b4 b6 24. a5 Rh6h5 25. Ng5f7 Rc8a8 26. Rd1a1 bxa5 27. Ra1a4 Rh5f5 28. Nd4xf5 Ne7xf5 29. Kg1xg2 Ke8e7 30. Nf7e5 Ke7xe6 31. Ne5xc6 Ke6d6 32. Nc6xa5 Nf5d4 33. Na5b7 Kd6c6 34. Ra4xa8 Kc6xb7 35. Ra8g8 Nd4xc2 36. Rg8xg7 Kb7b6 37. Re1e6 Kb6b5 38. Rg7b7 Kb5a4 39. b5 Nc2d4 40. Re6d6 Nd4xb5 41. Rd6xd5 Nb5c3 42. Rd5d8 Nc3b5 43. Rd8b8 g3 44. Rb7xb5 Ka4a3 45. Rb8a8 1-0

[Event "March 2008 One-Zero Grand II"]
[Date "2008.03.08"]
[EndDate "2008.03.27"]
[Round "1"]
[White "red cloud"]
[Black "tomasino"]
[WhiteRating "1665"]
[BlackRating "1785"]
[WhiteElo "1665"]
[BlackElo "1785"]
[Result "1-0"]
[GameId "4708680"]

1. e4 e6 2. d4 d5 3. Nb1c3 Nb8c6 4. e5 b6 5. f4 Bf8b4 6. Ng1f3 f5 7. Bc1d2 Bc8b7 8. a3 Bb4xc3 9. Bd2xc3 Qd8d7 10. Bf1e2 O-O-O 11. a4 a5 12. Be2b5 h5 13. Qd1d2 h4 14. b4 axb4 15. Bc3xb4 h3 16. g3 Qd7f7 17. a5 bxa5 18. Bb4xa5 Nc6xa5 19. Qd2xa5 c6 20. Bb5e2 Qf7c7 21. Qa5a3 Ng8e7 22. Ke1f2 Kc8d7 23. Rh1b1 Rd8a8 24. Qa3d6 Qc7xd6 25. exd6 Kd7xd6 26. Rb1xb7 Ra8xa1 27. Nf3e5 Ra1h1 28. Rb7d7 1-0

[Event "March 2008 One-Zero Grand II"]
[Date "2008.03.08"]
[EndDate "2008.04.01"]
[Round "1"]
[White "Leaadas"]
[Black "tomasino"]
[WhiteRating "1623"]
[BlackRating "1785"]
[WhiteElo "1623"]
[BlackElo "1785"]
[Result "1-0"]
[GameId "4708660"]

1. e4 e5 2. Ng1f3 Nb8c6 3. Bf1b5 a6 4. Bb5a4 b5 5. Ba4b3 Bc8b7 6. O-O Nc6d4 7. Nf3xd4 Bb7xe4 8. Nd4e2 d5 9. d3 Be4xg2 10. Kg1xg2 Qd8d6 11. Ne2g3 Bf8e7 12. Rf1e1 Ng8f6 13. Nb1c3 d4 14. Nc3e4 Nf6xe4 15. Re1xe4 h5 16. Qd1f3 f6 17. Ng3f5 O-O-O 18. Nf5xd6 Rd8xd6 19. Bc1d2 g5 20. Qf3f5 Kc8d8 21. Bd2b4 Rd6d7 22. Bb4xe7 Kd8xe7 23. Qf5xd7 Ke7xd7 24. Ra1e1 h4 25. h3 a5 26. a4 b4 27. Kg2f3 Rh8f8 28. Bb3c4 Kd7d6 29. Kf3g2 c5 30. c3 bxc3 31. bxc3 dxc3 32. Re1c1 f5 33. Re4e1 f4 34. Kg2f3 Rf8b8 35. Rc1xc3 Rb8b4 36. Bc4b5 Kd6d5 37. Kf3g4 Kd5d4 38. Rc3c1 f3 39. Kg4xf3 g4 40. hxg4 h3 41. Re1h1 Kd4d5 42. Rh1xh3 Rb4f4 43. Kf3e3 Rf4xg4 44. Rh3h5 Rg4f4 45. Rc1xc5 Kd5xc5 46. Rh5xe5 1-0

[Event "March 2008 One-Zero Grand II"]
[Date "2008.03.08"]
[EndDate "2008.03.16"]
[Round "1"]
[White "princebaz"]
[Black "tomasino"]
[WhiteRating "1567"]
[BlackRating "1785"]
[WhiteElo "1567"]
[BlackElo "1785"]
[Result "1-0"]
[GameId "4708640"]

1. e4 c5 2. Ng1f3 d6 3. d4 Ng8f6 4. Nb1c3 g6 5. dxc5 Bc8e6 6. cxd6 Qd8xd6 7. Bf1d3 Bf8g7 8. Bd3b5 Nb8d7 9. Qd1xd6 exd6 10. O-O O-O 11. Bc1g5 Nd7c5 12. Rf1e1 a6 13. Bb5d3 Ra8c8 14. e5 dxe5 15. Nf3xe5 Nc5xd3 16. Ne5xd3 h6 17. Bg5h4 g5 18. Bh4g3 1-0

[Event "March 2008 One-Zero Grand II"]
[Date "2008.03.08"]
[EndDate "2008.03.16"]
[Round "1"]
[White "polo2000"]
[Black "tomasino"]
[WhiteRating "1555"]
[BlackRating "1785"]
[WhiteElo "1555"]
[BlackElo "1785"]
[Result "1-0"]
[GameId "4708600"]

1. e4 e5 2. Ng1f3 Nb8c6 3. Bf1b5 a6 4. Bb5xc6 dxc6 5. O-O Qd8f6 6. d3 Bc8g4 7. Nb1d2 Qf6g6 8. Kg1h1 O-O-O 9. Rf1e1 h5 10. h3 Bf8e7 11. hxg4 hxg4 12. Nf3h2 Qg6h5 13. Nd2f1 f5 14. Kh1g1 f4 15. Qd1xg4 Qh5xg4 16. Nh2xg4 Rd8d6 17. Ng4xe5 Rd6h6 18. g3 Rh6h1 19. Kg1g2 fxg3 20. fxg3 Be7c5 21. Bc1e3 Bc5xe3 22. Nf1xe3 Ng8f6 23. Re1xh1 Rh8xh1 24. Ra1xh1 1-0

[Event "March 2008 One-Zero Grand II"]
[Date "2008.03.08"]
[EndDate "2008.03.17"]
[Round "1"]
[White "Chemsearch"]
[Black "tomasino"]
[WhiteRating "1112"]
[BlackRating "1785"]
[WhiteElo "1112"]
[BlackElo "1785"]
[Result "1-0"]
[GameId "4708580"]

1. e4 e5 2. d3 d5 3. Ng1f3 dxe4 4. Nf3xe5 Bf8b4 5. c3 f6 6. Qd1h5 g6 7. Ne5xg6 hxg6 8. Qh5xh8 Bc8e6 9. dxe4 1-0

[Event "March 2008 One-Zero Grand II"]
[Date "2008.03.08"]
[EndDate "2008.03.17"]
[Round "1"]
[White "sameeh"]
[Black "tomasino"]
[WhiteRating "1581"]
[BlackRating "1785"]
[WhiteElo "1581"]
[BlackElo "1785"]
[Result "1-0"]
[GameId "4708540"]

1. e4 c5 2. b3 d6 3. Bc1b2 Nb8c6 4. Ng1f3 Ng8f6 5. Nb1c3 Nc6b4 6. Bf1c4 g6 7. O-O Bc8g4 8. Nc3d5 Nb4xd5 9. Bb2xf6 Nd5xf6 10. Qd1e2 Bf8h6 11. h3 Bg4xh3 12. gxh3 Qd8d7 13. Bc4b5 Qd7xb5 14. d3 g5 15. e5 dxe5 16. Nf3xe5 Rh8g8 17. Ra1e1 g4 18. hxg4 O-O-O 19. f3 1-0

[Event "March 2008 One-Zero Grand II"]
[Date "2008.03.08"]
[EndDate "2008.03.16"]
[Round "1"]
[White "carjam"]
[Black "tomasino"]
[WhiteRating "1479"]
[BlackRating "1785"]
[WhiteElo "1479"]
[BlackElo "1785"]
[Result "1-0"]
[GameId "4708520"]

1. d4 d5 2. c4 e6 3. Nb1c3 Ng8f6 4. cxd5 Nf6xd5 5. Ng1f3 Nd5xc3 6. bxc3 Nb8c6 7. a3 f5 8. e3 Bf8e7 9. Bf1e2 g5 10. Be2b5 a6 11. Bb5a4 b5 12. Ba4b3 g4 13. Nf3d2 Be7g5 14. O-O h5 15. c4 bxc4 16. Bb3xc4 Qd8d7 17. Qd1a4 1-0

[Event "March 2008 One-Zero Grand II"]
[Date "2008.03.08"]
[EndDate "2008.03.24"]
[Round "1"]
[White "kingz2000"]
[Black "tomasino"]
[WhiteRating "1420"]
[BlackRating "1785"]
[WhiteElo "1420"]
[BlackElo "1785"]
[Result "1-0"]
[GameId "4708480"]

1. e4 c5 2. Ng1f3 d6 3. d4 Ng8f6 4. e5 dxe5 5. Bf1b5 Nb8c6 6. Nf3xe5 Qd8xd4 7. Qd1xd4 cxd4 8. Ne5xc6 a6 9. Nc6xd4 Bc8d7 10. Bb5xd7 Nf6xd7 11. Nb1c3 e5 12. Nd4e2 Bf8c5 13. O-O O-O 14. Kg1h1 f5 15. Bc1e3 Bc5xe3 16. fxe3 e4 17. Ne2f4 Nd7e5 18. Ra1d1 Ne5g4 19. Nc3d5 Ra8d8 20. h3 Ng4e5 21. Nf4e6 Rd8xd5 22. Rd1xd5 Rf8e8 23. Rf1xf5 Ne5g6 24. Rd5d7 h6 25. Rd7xg7 Kg8h8 26. Rg7xg6 b5 27. Rg6xh6 Kh8g8 28. Rf5g5 Kg8f7 29. Rg5g7 1-0

[Event "March 2008 One-Zero Grand II"]
[Date "2008.03.08"]
[EndDate "2008.03.17"]
[Round "1"]
[White "incredibles1971"]
[Black "tomasino"]
[WhiteRating "1456"]
[BlackRating "1785"]
[WhiteElo "1456"]
[BlackElo "1785"]
[Result "1-0"]
[GameId "4708460"]

1. e4 e5 2. Ng1f3 Nb8c6 3. Bf1b5 a6 4. Bb5xc6 bxc6 5. Nf3xe5 Bf8c5 6. d4 Bc5b6 7. Ne5f3 d5 8. e5 Bb6a5 9. Bc1d2 Ba5xd2 10. Qd1xd2 Bc8f5 11. O-O Bf5e4 12. Qd2c3 Qd8d7 13. Nb1d2 Ng8h6 14. Rf1e1 1-0

[Event "March 2008 One-Zero Grand II"]
[Date "2008.03.08"]
[EndDate "2008.03.13"]
[Round "1"]
[White "QR"]
[Black "tomasino"]
[WhiteRating "1459"]
[BlackRating "1785"]
[WhiteElo "1459"]
[BlackElo "1785"]
[Result "1-0"]
[GameId "4708440"]

1. e4 e5 2. Ng1f3 d6 3. d4 Nb8c6 4. Bf1b5 a6 5. Bb5a4 b5 6. Ba4b3 Bc8b7 7. Bc1g5 f6 8. Bg5h4 g5 9. Bh4g3 Ng8h6 10. Nf3xg5 fxg5 11. Qd1h5 Nh6f7 12. Qh5xf7 1-0

[Event "March 2008 One-Zero Grand II"]
[Date "2008.03.08"]
[EndDate "2008.03.16"]
[Round "1"]
[White "Outpost"]
[Black "tomasino"]
[WhiteRating "1471"]
[BlackRating "1785"]
[WhiteElo "1471"]
[BlackElo "1785"]
[Result "1-0"]
[GameId "4708420"]

1. e4 d5 2. exd5 Qd8xd5 3. Nb1c3 Qd5a5 4. d4 Nb8c6 5. Bf1b5 Bc8d7 6. Ng1f3 Nc6b4 7. Bb5xd7 Ke8xd7 8. a3 Nb4d5 9. Nf3e5 Kd7d6 10. Ne5xf7 Kd6d7 11. Nf7e5 Kd7c8 12. Qd1g4 Kc8b8 13. Ne5d7 Kb8c8 14. Nd7f6 1-0

[Event "March 2008 One-Zero Grand II"]
[Date "2008.03.08"]
[EndDate "2008.03.16"]
[Round "1"]
[White "joe o"]
[Black "tomasino"]
[WhiteRating "1211"]
[BlackRating "1785"]
[WhiteElo "1211"]
[BlackElo "1785"]
[Result "1-0"]
[GameId "4708400"]

1. e4 c5 2. Ng1f3 d6 3. h3 f5 4. Bf1b5 Nb8c6 5. Bb5xc6 bxc6 6. d3 e5 7. exf5 Bc8xf5 8. Bc1g5 Ng8f6 9. O-O Bf8e7 10. c4 Nf6h5 11. Bg5xe7 Qd8xe7 12. Nf3xe5 Qe7xe5 13. Rf1e1 Bf5e4 14. Re1xe4 Qe5xe4 15. Qd1xh5 1-0

[Event "Clan RHP Coorespondance"]
[Date "2008.03.07"]
[EndDate "2008.04.03"]
[Round "?"]
[White "tomasino"]
[Black "kyue"]
[WhiteRating "1785"]
[BlackRating "893"]
[WhiteElo "1785"]
[BlackElo "893"]
[Result "0-1"]
[GameId "4705980"]

1. e4 e6 2. d4 d5 3. e5 c5 4. c4 Nb8c6 5. dxc5 Bf8xc5 6. cxd5 exd5 7. Ng1f3 f6 8. Nb1c3 d4 9. Nc3e4 fxe5 10. Bc1g5 Ng8f6 11. Ne4xc5 O-O 12. Nc5e4 Qd8a5 13. Qd1d2 Nf6xe4 14. Bf1c4 Kg8h8 15. Qd2xa5 Nc6xa5 16. Bc4d3 Bc8f5 17. Nf3xe5 Ne4xg5 18. Bd3xf5 Rf8xf5 19. Ne5d3 Ra8e8 20. Ke1d1 Ng5e4 21. Rh1e1 Na5c4 22. Ra1c1 Ne4xf2 23. Nd3xf2 Nc4xb2 24. Kd1d2 Rf5xf2 25. Re1e2 Rf2xe2 0-1

[Event "RHP Coorespondance"]
[Date "2008.03.06"]
[EndDate "2008.03.17"]
[Round "?"]
[White "tomasino"]
[Black "Bandecko"]
[WhiteRating "1785"]
[BlackRating "1129"]
[WhiteElo "1785"]
[BlackElo "1129"]
[Result "0-1"]
[GameId "4701744"]

1. d4 d5 2. c4 dxc4 3. Nb1c3 Nb8c6 4. Ng1f3 e6 5. e4 Bf8b4 6. Bf1xc4 Bb4xc3 7. bxc3 Ng8f6 8. d5 exd5 9. exd5 Nf6e4 10. O-O Nc6e7 11. Qd1a4 Bc8d7 12. Bc4b5 c6 13. dxc6 bxc6 14. Bb5c4 O-O 15. Qa4c2 Bd7f5 16. Qc2b2 Ne7g6 17. Bc4b3 c5 18. c4 Qd8d6 19. Nf3g5 Ne4xg5 20. Bc1xg5 Ng6e5 21. Rf1d1 Ne5d3 22. Qb2c2 f6 23. Bg5h4 Qd6d4 24. g3 Nd3xf2 25. Qc2xf2 Qd4xf2 26. Kg1xf2 g5 27. Rd1d5 Bf5e6 28. Rd5d6 Be6g4 29. Rd6c6 Ra8c8 30. Rc6d6 gxh4 31. gxh4 f5 32. Kf2g3 Bg4h5 33. Ra1f1 Rc8e8 34. Rd6d5 Bh5g4 35. Bb3c2 Re8e3 36. Kg3f4 Rf8e8 37. Bc2xf5 Bg4xf5 38. Kf4xf5 Re8f8 39. Kf5g5 Rf8xf1 40. Rd5xc5 Rf1g1 0-1

[Event "RHP Coorespondance"]
[Date "2008.02.22"]
[EndDate "2008.03.19"]
[Round "?"]
[White "KDnamite"]
[Black "tomasino"]
[WhiteRating "1385"]
[BlackRating "1785"]
[WhiteElo "1385"]
[BlackElo "1785"]
[Result "1-0"]
[GameId "4639894"]

1. e4 c5 2. Bf1c4 a6 3. e5 e6 4. Ng1f3 b5 5. Bc4d3 Bc8b7 6. a4 c4 7. Bd3f1 d5 8. axb5 axb5 9. Ra1xa8 Bb7xa8 10. c3 Bf8c5 11. Nf3d4 Qd8d7 12. b3 b4 13. bxc4 dxc4 14. Bf1xc4 Ba8xg2 15. Qd1g4 f5 16. Qg4xg2 Ng8e7 17. Qg2xg7 Ne7g6 18. Qg7f6 Nb8c6 19. Bc4xe6 Qd7e7 20. Nd4xc6 Qe7xf6 21. exf6 Ng6e5 22. Nc6xe5 bxc3 23. dxc3 Rh8f8 24. Ne5d7 1-0

[Event "RHP Coorespondance"]
[Date "2008.02.13"]
[EndDate "2008.03.03"]
[Round "?"]
[White "tomasino"]
[Black "ganilon"]
[WhiteRating "1785"]
[BlackRating "1607"]
[WhiteElo "1785"]
[BlackElo "1607"]
[Result "0-1"]
[GameId "4607438"]

1. e4 e5 2. Ng1f3 d6 3. d4 Bf8e7 4. d5 Ng8f6 5. Nb1c3 c6 6. b4 Qd8b6 7. b5 Nf6g4 8. Qd1d2 O-O 9. h3 Ng4f6 10. Nc3a4 Qb6d8 11. bxc6 bxc6 12. g4 Nf6xe4 13. Qd2b4 Ne4c5 14. Na4xc5 dxc5 15. Qb4b3 cxd5 16. Nf3xe5 Be7f6 17. Bc1f4 Rf8e8 18. O-O-O Bc8e6 19. Ne5f3 d4 20. Qb3b7 Nb8d7 21. g5 Bf6e5 22. Bf4xe5 Nd7xe5 23. Nf3xe5 Qd8xg5 24. Rd1d2 Qg5xe5 25. Bf1e2 Be6d5 26. Qb7d7 Bd5xh1 27. Be2c4 Qe5e1 28. Rd2d1 Qe1xf2 29. Qd7xf7 Qf2xf7 30. Bc4xf7 Kg8xf7 31. Rd1xh1 Re8e2 32. Rh1f1 Kf7g8 33. h4 Ra8e8 34. Kc1d1 c4 35. c3 d3 36. h5 d2 37. h6 Re2e1 38. Kd1xd2 Re1xf1 39. hxg7 Rf1e1 40. a4 Re8e2 0-1

[Event "RHP Coorespondance"]
[Date "2008.02.06"]
[EndDate "2008.02.22"]
[Round "?"]
[White "tomasino"]
[Black "Bandecko"]
[WhiteRating "1785"]
[BlackRating "1129"]
[WhiteElo "1785"]
[BlackElo "1129"]
[Result "0-1"]
[GameId "4581501"]

1. e4 d6 2. d4 Ng8f6 3. Nb1c3 c6 4. Ng1f3 a6 5. d5 cxd5 6. exd5 Qd8b6 7. Bc1e3 Qb6xb2 8. Be3d4 Bc8g4 9. Nc3e4 Qb2b4 10. c3 Qb4a5 11. Ne4xf6 exf6 12. Qd1e2 Bf8e7 13. h3 Bg4d7 14. Ra1b1 Qa5xd5 15. c4 Qd5f5 16. g4 Qf5xb1 17. Qe2d1 Qb1xa2 18. Bf1d3 Bd7a4 19. Qd1c1 d5 20. c5 Nb8c6 21. O-O Nc6xd4 22. Nf3xd4 O-O 23. Nd4f5 Be7d8 24. Nf5h6 Kg8h8 25. Kg1h1 Ba4b5 26. Bd3xh7 Kh8xh7 27. Rf1g1 gxh6 28. h4 Qa2xf2 29. g5 Qf2xh4 30. Kh1g2 fxg5 31. Qc1c2 f5 32. Rg1h1 Qh4g4 33. Kg2f2 Ra8c8 34. Rh1g1 Qg4e2 35. Qc2xe2 Bb5xe2 36. Kf2xe2 Rc8xc5 37. Ke2d3 Bd8f6 38. Rg1g3 Rc5c3 39. Kd3e2 Rc3xg3 40. Ke2f2 Rg3a3 41. Kf2e2 Bf6d4 42. Ke2d2 Rf8c8 43. Kd2d1 Rc8c3 44. Kd1d2 0-1

[Event "RHP Coorespondance"]
[Date "2008.01.14"]
[EndDate "2008.01.21"]
[Round "?"]
[White "tomasino"]
[Black "ganilon"]
[WhiteRating "1785"]
[BlackRating "1607"]
[WhiteElo "1785"]
[BlackElo "1607"]
[Result "0-1"]
[GameId "4494151"]

1. e4 Ng8f6 2. e5 Nf6d5 3. c4 Nd5b6 4. c5 Nb6d5 5. Bf1c4 e6 6. d4 d6 7. Ng1f3 dxc5 8. O-O cxd4 9. Nf3xd4 c5 10. Bc4b5 Bc8d7 11. Bb5a4 cxd4 12. Qd1xd4 Nb8c6 13. Ba4xc6 Bd7xc6 14. f4 Qd8h4 15. Nb1c3 b6 16. b4 Bf8xb4 17. Bc1b2 Bb4c5 18. Qd4xc5 bxc5 19. Nc3xd5 Bc6xd5 20. g3 Qh4g4 21. a4 Qg4e2 22. Rf1f2 Qe2e3 23. a5 a6 24. Ra1a3 Qe3e4 25. Ra3c3 Qe4h1 0-1

[Event "New Year 2008 Banded Duel 1400-1500"]
[Date "2008.01.04"]
[EndDate "2008.04.26"]
[Round "1"]
[White "berinja"]
[Black "tomasino"]
[WhiteRating "919"]
[BlackRating "1785"]
[WhiteElo "919"]
[BlackElo "1785"]
[Result "1-0"]
[GameId "4457191"]

1. e4 c5 2. Bf1c4 e6 3. d4 d5 4. exd5 exd5 5. Bc4b5 Nb8c6 6. dxc5 a6 7. Bb5a4 Bf8xc5 8. Qd1e2 Ng8e7 9. Bc1g5 b5 10. Ba4b3 Nc6d4 11. Bg5xe7 Bc5xe7 12. Qe2e3 Qd8b6 13. Ng1e2 Bc8e6 14. Qe3xd4 Qb6a5 15. Qd4c3 Be7b4 16. Qc3xb4 Qa5xb4 17. c3 Qb4e4 18. f3 Qe4e3 19. Nb1d2 b4 20. cxb4 Ra8c8 21. Nd2f1 Qe3e5 22. Bb3a4 Ke8e7 23. Nf1g3 Qe5xb2 24. Ke1f2 d4 25. Rh1b1 Qb2d2 26. Rb1d1 Qd2e3 27. Kf2f1 d3 28. Ne2g1 Be6c4 29. Ng3f5 Ke7e6 30. Nf5xe3 Rh8d8 31. Ne3xc4 Rc8xc4 32. Ba4b3 Rd8d4 33. Rd1xd3 Rd4f4 34. Bb3xc4 Rf4xc4 35. Ra1e1 Ke6f5 36. g4 Kf5f4 37. Re1e4 Rc4xe4 38. fxe4 Kf4xe4 39. Rd3d7 g5 40. Rd7xf7 1-0

[Event "New Year 2008 Banded Duel 1400-1500"]
[Date "2008.01.04"]
[EndDate "2008.05.08"]
[Round "1"]
[White "tomasino"]
[Black "berinja"]
[WhiteRating "1785"]
[BlackRating "919"]
[WhiteElo "1785"]
[BlackElo "919"]
[Result "0-1"]
[GameId "4457190"]

1. e4 e5 2. Ng1f3 Nb8c6 3. Bf1c4 Bf8c5 4. b4 Bc5xb4 5. c3 Bb4c5 6. O-O d6 7. d4 exd4 8. cxd4 Bc5b6 9. Nb1c3 Bc8g4 10. h3 Bg4h5 11. Bc1g5 f6 12. Bg5f4 Ng8e7 13. d5 Nc6e5 14. Bc4b5 c6 15. dxc6 bxc6 16. Bb5a4 Ne5xf3 17. gxf3 Ne7g6 18. Ba4xc6 Ke8f7 19. Bc6xa8 Qd8xa8 20. Qd1xd6 Ng6xf4 21. Qd6xf4 g5 22. Qf4f5 Qa8c8 23. Qf5d5 Kf7g7 24. Kg1g2 Qc8xc3 25. e5 Rh8d8 26. Qd5b7 Kg7h6 27. Ra1c1 Qc3xe5 28. Rc1e1 Qe5f4 29. Re1e7 Rd8h8 30. Rf1e1 Qf4d4 31. Re1f1 Bb6c5 32. Re7d7 Qd4c4 33. Qb7c7 Qc4c2 34. Rd7d6 Qc2f5 35. Qc7c6 Bc5xd6 36. Qc6xd6 Qf5xf3 37. Kg2h2 Qf3f4 38. Qd6xf4 gxf4 39. Rf1c1 Rh8e8 40. Rc1c6 Kh6g6 41. Kh2g2 f3 42. Kg2g3 Re8e2 43. a4 Kg6g5 44. h4 Kg5g6 45. Rc6a6 Re2e4 46. Ra6xa7 Re4g4 47. Kg3h3 Rg4g2 0-1

[Event "RHP Coorespondance"]
[Date "2007.12.21"]
[EndDate "2008.01.12"]
[Round "?"]
[White "tomasino"]
[Black "ganilon"]
[WhiteRating "1785"]
[BlackRating "1607"]
[WhiteElo "1785"]
[BlackElo "1607"]
[Result "0-1"]
[GameId "4405568"]

1. d4 d5 2. e3 Ng8f6 3. Nb1d2 c6 4. Bf1d3 Bc8e6 5. c3 Nb8d7 6. f4 g6 7. Ng1f3 Bf8h6 8. h3 c5 9. Qd1a4 c4 10. Bd3c2 O-O 11. g4 Be6xg4 12. hxg4 Nf6xg4 13. e4 Bh6xf4 14. Nd2f1 Qd8c7 15. Bc1xf4 Qc7xf4 16. Nf1d2 Qf4e3 17. Ke1d1 Ng4f2 18. Kd1c1 Nf2xh1 19. Qa4xd7 e6 20. exd5 h6 21. d6 g5 22. Nf3e5 Qe3e1 23. Bc2d1 Nh1f2 24. Kc1c2 Ra8d8 25. Qd7xb7 Rd8xd6 26. Nd2xc4 Nf2e4 27. Ne5d7 Qe1f2 28. Kc2d3 Rd6xd7 29. Qb7xd7 Ne4f6 30. Qd7xa7 h5 31. Nc4e5 Qf2f1 32. Kd3c2 g4 33. Ne5d7 Nf6xd7 34. Qa7xd7 g3 35. Bd1xh5 Qf1xa1 36. Bh5xf7 Rf8xf7 37. Qd7e8 Kg8g7 38. Qe8xe6 Qa1g1 39. d5 g2 40. d6 Qg1f2 41. Kc2b3 g1=Q 42. d7 Qg1d1 43. Kb3c4 Qf2f4 44. Kc4c5 Rf7f5 45. Kc5c6 Qd1f3 46. Kc6b6 Qf4b8 47. Kb6a6 Qf3a8 0-1